"Mi mind albánok vagyunk"
Elmentve itt :
| Szerző: | |
|---|---|
| Adatforrás: | Meister |
| Forrásdokumentuma: | A Hét. - 30 sz., 1999, 11 p. |
| Nyelv: | magyar |
| Kulcsszavak: | politikai publicisztika jugoszláv válság |
| LEADER | 00365nab a2200133 i 4500 | ||
|---|---|---|---|
| 001 | bibPRO00007974 | ||
| 008 | 060524s1999 xx hun | ||
| 040 | |a Sz1 | ||
| 041 | |a hun | ||
| 100 | 1 | |a DRAKULIC Slavenka | |
| 245 | 1 | 1 | |a "Mi mind albánok vagyunk" |c DRAKULIC Slavenka |
| 695 | |a politikai publicisztika | ||
| 695 | |a jugoszláv válság | ||
| 773 | 0 | |t A Hét. - |g 30 sz., 1999, 11 p. | |